Desať najdôležitejších faktov o európskom nariadení GDPR

Najväčšia európska regulácia v ochrane osobných údajov za posledných 22 rokov sa dotkne takmer každej firmy. Prehľad najdôležitejších zmien v praxi.

Salvato in:
Dettagli Bibliografici
Natura: Capitolo di libro
Lingua:slovacco
Soggetti:
Tags: Aggiungi Tag
Nessun Tag, puoi essere il primo ad aggiungerne!!

MARC

LEADER 00000naa a2200000 4500
001 0241396
005 20180322111052.4
041 0 |a slo 
044 |a SK 
245 1 0 |a Desať najdôležitejších faktov o európskom nariadení GDPR 
520 |a Najväčšia európska regulácia v ochrane osobných údajov za posledných 22 rokov sa dotkne takmer každej firmy. Prehľad najdôležitejších zmien v praxi. 
610 2 0 |a ochrana údajov osobných 
610 2 0 |a bezpečnosť elektronická 
610 2 0 |a firmy 
610 2 0 |a regulácia